[Event "DEM U14 2024"]
[Site "Willingen GER"]
[Date "2024.05.21"]
[Round "4"]
[White "Sasse, Conan"]
[Black "Ollhoff, Hannes"]
[Result "0-1"]
[Termination "normal"]
[Board "24"]
[WhiteElo "1779"]
[BlackElo "1755"]
[WhiteClock "00:43:54"]
[BlackClock "00:25:18"]
[PlyCount "108"]
[WhiteFideId "34684336"]
[BlackFideId "16266927"]
[EventCountry "GER"]
[EventRounds "9"]
[EventType "swiss"]
[EventDate "2024.05.18"]

1. e4 {[%clk 01:30:58]} {[%emt 00:00:02]} e6 {[%clk 01:30:50]} {[%emt
00:00:10]} 2. d4 {[%clk 01:31:21]} {[%emt 00:00:07]} d5 {[%clk 01:31:15]}
{[%emt 00:00:05]} 3. Nc3 {[%clk 01:31:45]} {[%emt 00:00:06]} Nf6 {[%clk
01:30:37]} {[%emt 00:01:08]} 4. Bg5 {[%clk 01:31:59]} {[%emt 00:00:16]} dxe4
{[%clk 01:30:46]} {[%emt 00:00:21]} 5. Nxe4 {[%clk 01:32:22]} {[%emt 00:00:07]}
Nbd7 {[%clk 01:31:04]} {[%emt 00:00:13]} 6. Nf3 {[%clk 01:32:09]} {[%emt
00:00:42]} Be7 {[%clk 01:30:31]} {[%emt 00:01:02]} 7. Bxf6 {[%clk 01:32:23]}
{[%emt 00:00:16]} Nxf6 {[%clk 01:30:44]} {[%emt 00:00:17]} 8. Nxf6+ {[%clk
01:32:15]} {[%emt 00:00:38]} Bxf6 {[%clk 01:30:26]} {[%emt 00:00:49]} 9. Bd3
{[%clk 01:32:37]} {[%emt 00:00:08]} O-O {[%clk 01:27:26]} {[%emt 00:03:29]} 10.
Qd2 {[%clk 01:28:26]} {[%emt 00:04:41]} c5 {[%clk 01:21:10]} {[%emt 00:06:47]}
11. c3 {[%clk 01:28:52]} {[%emt 00:00:05]} Qc7 {[%clk 01:15:29]} {[%emt
00:06:10]} 12. O-O {[%clk 01:27:47]} {[%emt 00:01:34]} Rd8 {[%clk 01:13:46]}
{[%emt 00:02:14]} 13. dxc5 {[%clk 01:22:33]} {[%emt 00:05:44]} Qxc5 {[%clk
01:12:37]} {[%emt 00:01:40]} 14. Qc2 {[%clk 01:22:57]} {[%emt 00:00:05]} h6
{[%clk 01:11:12]} {[%emt 00:01:55]} 15. Rfd1 {[%clk 01:21:23]} {[%emt
00:02:04]} Bd7 {[%clk 01:04:19]} {[%emt 00:07:22]} 16. Nd2 {[%clk 01:18:47]}
{[%emt 00:03:07]} Qc7 {[%clk 00:55:22]} {[%emt 00:09:27]} 17. Nf3 {[%clk
01:05:36]} {[%emt 00:13:40]} Rac8 {[%clk 00:52:17]} {[%emt 00:03:36]} 18. g3
{[%clk 00:59:35]} {[%emt 00:06:32]} Qa5 {[%clk 00:46:27]} {[%emt 00:06:19]} 19.
Qe2 {[%clk 00:53:31]} {[%emt 00:06:34]} Bc6 {[%clk 00:40:03]} {[%emt 00:06:54]}
20. Be4 {[%clk 00:46:30]} {[%emt 00:07:31]} Bxe4 {[%clk 00:34:46]} {[%emt
00:05:46]} 21. Qxe4 {[%emt 00:01:47]} Qb5 {[%clk 00:33:03]} {[%emt 00:02:11]}
22. Qc2 {[%clk 00:44:51]} {[%emt 00:00:55]} Qc6 {[%clk 00:31:19]} {[%emt
00:02:14]} 23. Qe2 {[%clk 00:44:23]} {[%emt 00:00:58]} Kf8 {[%clk 00:25:16]}
{[%emt 00:06:33]} 24. Nd2 {[%clk 00:38:17]} {[%emt 00:06:36]} Be7 {[%clk
00:20:39]} {[%emt 00:05:06]} 25. Qe4 {[%clk 00:36:51]} {[%emt 00:01:57]} Qxe4
{[%clk 00:17:06]} {[%emt 00:04:03]} 26. Nxe4 {[%clk 00:37:14]} {[%emt
00:00:06]} f5 {[%clk 00:14:11]} {[%emt 00:03:25]} 27. Nd2 {[%clk 00:37:38]}
{[%emt 00:00:06]} Rd3 {[%clk 00:13:30]} {[%emt 00:01:12]} 28. Kf1 {[%clk
00:37:03]} {[%emt 00:01:05]} Rcd8 {[%clk 00:13:10]} {[%emt 00:00:50]} 29. Ke2
{[%clk 00:37:24]} {[%emt 00:00:09]} Bc5 {[%clk 00:12:14]} {[%emt 00:01:26]} 30.
b4 {[%clk 00:33:10]} {[%emt 00:04:43]} Bxf2 {[%clk 00:10:11]} {[%emt 00:02:34]}
31. Kxf2 {[%clk 00:23:15]} {[%emt 00:10:25]} Rxd2+ {[%clk 00:10:33]} {[%emt
00:00:08]} 32. Ke1 {[%clk 00:23:39]} {[%emt 00:00:05]} Rxd1+ {[%clk 00:05:20]}
{[%emt 00:05:44]} 33. Rxd1 {[%clk 00:24:01]} {[%emt 00:00:08]} Rxd1+ {[%clk
00:05:47]} {[%emt 00:00:03]} 34. Kxd1 {[%clk 00:24:17]} {[%emt 00:00:14]} b5
{[%clk 00:05:02]} {[%emt 00:01:14]} 35. c4 {[%clk 00:16:03]} {[%emt 00:08:44]}
bxc4 {[%clk 00:00:39]} {[%emt 00:04:54]} 36. Kc2 {[%clk 00:16:27]} {[%emt
00:00:06]} Ke7 {[%clk 00:00:36]} {[%emt 00:00:33]} 37. Kc3 {[%clk 00:16:43]}
{[%emt 00:00:14]} Kd6 {[%clk 00:00:39]} {[%emt 00:00:26]} 38. Kxc4 {[%clk
00:16:59]} {[%emt 00:00:15]} Kc6 {[%clk 00:00:37]} {[%emt 00:00:32]} 39. a4
{[%clk 00:15:56]} {[%emt 00:01:33]} a6 {[%clk 00:00:42]} {[%emt 00:00:25]} 40.
Kd4 {[%clk 00:13:52]} {[%emt 00:02:34]} Kd6 {[%clk 00:00:34]} {[%emt 00:00:38]}
41. b5 {[%clk 00:14:05]} {[%emt 00:00:17]} axb5 {[%clk 00:00:31]} {[%emt
00:00:34]} 42. axb5 {[%clk 00:14:02]} {[%emt 00:00:31]} e5+ {[%clk 00:29:56]}
{[%emt 00:01:07]} 43. Kc4 {[%clk 00:44:20]} {[%emt 00:00:11]} g5 {[%clk
00:24:19]} {[%emt 00:06:06]} 44. b6 {[%clk 00:41:46]} {[%emt 00:03:04]} Kc6
{[%clk 00:23:58]} {[%emt 00:00:52]} 45. b7 {[%clk 00:41:40]} {[%emt 00:00:36]}
Kxb7 {[%clk 00:24:19]} {[%emt 00:00:08]} 46. Kd5 {[%clk 00:42:06]} {[%emt
00:00:04]} f4 {[%clk 00:24:15]} {[%emt 00:00:34]} 47. Ke4 {[%clk 00:42:33]}
{[%emt 00:00:03]} Kc6 {[%clk 00:24:26]} {[%emt 00:00:20]} 48. gxf4 {[%clk
00:42:13]} {[%emt 00:00:50]} gxf4 {[%clk 00:24:36]} {[%emt 00:00:20]} 49. h4
{[%clk 00:42:15]} {[%emt 00:00:27]} h5 {[%clk 00:24:17]} {[%emt 00:00:50]} 50.
Kxe5 {[%clk 00:42:25]} {[%emt 00:00:19]} f3 {[%clk 00:24:35]} {[%emt 00:00:13]}
51. Kf5 {[%clk 00:42:47]} {[%emt 00:00:07]} f2 {[%clk 00:25:00]} {[%emt
00:00:05]} 52. Kg5 {[%clk 00:43:08]} {[%emt 00:00:09]} f1=Q {[%clk 00:25:23]}
{[%emt 00:00:07]} 53. Kxh5 {[%clk 00:43:34]} {[%emt 00:00:04]} Qg1 {[%clk
00:25:15]} {[%emt 00:00:38]} 54. Kh6 {[%clk 00:43:54]} {[%emt 00:00:10]} Kd6
{[%clk 00:25:18]} {[%emt 00:00:28]} 0-1

[Event "DEM U14 2024"]
[Site "Willingen GER"]
[Date "2024.05.21"]
[Round "4"]
[White "Jablonski, Ture"]
[Black "Keßler, Leo"]
[Result "1-0"]
[Termination "normal"]
[Board "25"]
[WhiteElo "1583"]
[BlackElo "1640"]
[WhiteClock "01:11:54"]
[BlackClock "00:08:32"]
[PlyCount "77"]
[WhiteFideId "34640452"]
[BlackFideId "533000638"]
[EventCountry "GER"]
[EventRounds "9"]
[EventType "swiss"]
[EventDate "2024.05.18"]

1. d4 {[%clk 01:30:59]} Nf6 {[%clk 01:30:54]} {[%emt 00:00:06]} 2. c4 {[%clk
01:31:28]} g6 {[%clk 01:31:16]} {[%emt 00:00:08]} 3. g3 {[%clk 01:31:57]} Bg7
{[%clk 01:31:32]} {[%emt 00:00:14]} 4. Bg2 {[%clk 01:32:26]} {[%emt 00:00:01]}
O-O {[%clk 01:31:37]} {[%emt 00:00:25]} 5. Nf3 {[%clk 01:32:44]} {[%emt
00:00:12]} d6 {[%clk 01:32:03]} {[%emt 00:00:05]} 6. O-O {[%clk 01:33:04]}
{[%emt 00:00:09]} Nbd7 {[%clk 01:29:19]} {[%emt 00:03:14]} 7. Nc3 {[%clk
01:30:31]} {[%emt 00:03:03]} e5 {[%clk 01:29:10]} {[%emt 00:00:40]} 8. dxe5
{[%clk 01:23:09]} {[%emt 00:07:51]} Nxe5 {[%clk 01:29:02]} {[%emt 00:00:38]} 9.
Nxe5 {[%clk 01:22:25]} {[%emt 00:01:15]} dxe5 {[%clk 01:29:24]} {[%emt
00:00:08]} 10. Bg5 {[%clk 01:22:38]} {[%emt 00:00:16]} Qxd1 {[%clk 01:11:05]}
{[%emt 00:18:50]} 11. Rfxd1 {[%clk 01:22:36]} {[%emt 00:00:31]} c6 {[%clk
01:10:47]} {[%emt 00:00:48]} 12. e4 {[%clk 01:22:23]} {[%emt 00:00:43]} Be6
{[%clk 01:10:47]} {[%emt 00:00:30]} 13. Bf1 {[%clk 01:22:46]} {[%emt 00:00:07]}
h6 {[%clk 01:10:59]} {[%emt 00:00:19]} 14. Be3 {[%clk 01:22:42]} {[%emt
00:00:31]} Rfd8 {[%clk 01:10:35]} {[%emt 00:00:56]} 15. Rxd8+ {[%clk 01:22:36]}
{[%emt 00:00:36]} Rxd8 {[%clk 01:10:53]} {[%emt 00:00:12]} 16. Bxa7 {[%clk
01:23:01]} {[%emt 00:00:05]} Rd2 {[%clk 01:10:09]} {[%emt 00:01:15]} 17. b3
{[%clk 01:23:08]} {[%emt 00:00:22]} Rc2 {[%clk 01:10:13]} {[%emt 00:00:27]} 18.
Na4 {[%clk 01:22:28]} {[%emt 00:01:09]} Nd7 {[%clk 01:06:26]} {[%emt 00:04:17]}
19. Nc5 {[%clk 01:20:38]} {[%emt 00:02:20]} Nxc5 {[%clk 01:06:20]} {[%emt
00:00:36]} 20. Bxc5 {[%clk 01:21:05]} {[%emt 00:00:03]} f5 {[%clk 01:03:00]}
{[%emt 00:03:50]} 21. Bd3 {[%clk 01:17:15]} {[%emt 00:04:19]} Rd2 {[%clk
01:02:30]} {[%emt 00:01:01]} 22. exf5 {[%clk 01:17:08]} {[%emt 00:00:37]} gxf5
{[%clk 01:02:30]} {[%emt 00:00:30]} 23. Bf1 {[%clk 01:17:31]} {[%emt 00:00:06]}
e4 {[%clk 01:00:56]} {[%emt 00:02:05]} 24. Be3 {[%clk 01:17:12]} {[%emt
00:00:48]} Rc2 {[%clk 00:44:29]} {[%emt 00:16:58]} 25. Rd1 {[%clk 01:15:54]}
{[%emt 00:01:48]} Rxa2 {[%clk 00:35:01]} {[%emt 00:09:59]} 26. Rd8+ {[%clk
01:16:21]} {[%emt 00:00:02]} Kf7 {[%clk 00:35:03]} {[%emt 00:00:28]} 27. Rb8
{[%clk 01:16:42]} {[%emt 00:00:08]} b5 {[%clk 00:34:21]} {[%emt 00:01:14]} 28.
cxb5 {[%clk 01:15:53]} {[%emt 00:01:18]} cxb5 {[%clk 00:33:45]} {[%emt
00:01:06]} 29. Bxb5 {[%clk 01:16:16]} {[%emt 00:00:07]} Be5 {[%clk 00:15:24]}
{[%emt 00:18:51]} 30. Rb7+ {[%clk 01:14:07]} {[%emt 00:02:37]} Kf6 {[%clk
00:15:14]} {[%emt 00:00:42]} 31. Bxh6 {[%clk 01:13:31]} {[%emt 00:01:06]} Ra1+
{[%clk 00:10:34]} {[%emt 00:05:11]} 32. Kg2 {[%clk 01:13:19]} {[%emt 00:00:40]}
e3 {[%clk 00:10:40]} {[%emt 00:00:25]} 33. Bg7+ {[%clk 01:13:04]} {[%emt
00:00:44]} Kg6 {[%clk 00:10:53]} {[%emt 00:00:17]} 34. Be8+ {[%clk 01:12:25]}
{[%emt 00:01:09]} Bf7 {[%clk 00:10:08]} {[%emt 00:01:16]} 35. Rxf7 {[%clk
01:11:30]} {[%emt 00:01:26]} e2 {[%clk 00:08:19]} {[%emt 00:02:18]} 36. Ra7+
{[%clk 01:11:26]} {[%emt 00:00:33]} Kh7 {[%clk 00:08:16]} {[%emt 00:00:34]} 37.
Bxe5+ {[%clk 01:11:43]} {[%emt 00:00:13]} Kg8 {[%clk 00:08:32]} {[%emt
00:00:14]} 38. Rxa1 {[%clk 01:11:54]} {[%emt 00:00:19]} Kh7 {[%emt 00:00:14]}
39. Ra7+ {[%emt 00:00:05]} 1-0

[Event "DEM U14 2024"]
[Site "Willingen GER"]
[Date "2024.05.22"]
[Round "5"]
[White "Sydykov, Bayastan"]
[Black "Besou, Hussain"]
[Result "1/2-1/2"]
[Termination "normal"]
[Board "1"]
[BlackTitle "FM"]
[WhiteElo "2181"]
[BlackElo "2260"]
[WhiteClock "00:09:31"]
[BlackClock "00:08:58"]
[PlyCount "90"]
[WhiteFideId "13829610"]
[BlackFideId "16269950"]
[EventCountry "GER"]
[EventRounds "9"]
[EventType "swiss"]
[EventDate "2024.05.18"]

1. e4 {[%clk 01:30:57]} {[%emt 00:00:02]} c5 {[%clk 01:30:55]} {[%emt
00:00:05]} 2. Nf3 {[%clk 01:31:23]} {[%emt 00:00:04]} d6 {[%clk 01:31:20]}
{[%emt 00:00:04]} 3. Bb5+ {[%clk 01:31:45]} {[%emt 00:00:10]} Nd7 {[%clk
01:31:44]} {[%emt 00:00:06]} 4. O-O {[%clk 01:32:06]} {[%emt 00:00:08]} Ngf6
{[%clk 01:31:52]} {[%emt 00:00:21]} 5. Re1 {[%clk 01:32:18]} {[%emt 00:00:19]}
a6 {[%clk 01:29:49]} {[%emt 00:02:33]} 6. Bf1 {[%clk 01:32:38]} {[%emt
00:00:10]} g6 {[%clk 01:29:50]} {[%emt 00:00:29]} 7. a4 {[%clk 01:22:37]}
{[%emt 00:10:32]} b6 {[%clk 01:24:17]} {[%emt 00:06:02]} 8. d4 {[%clk
01:21:33]} {[%emt 00:01:33]} cxd4 {[%clk 01:23:23]} {[%emt 00:01:25]} 9. Nxd4
{[%clk 01:21:41]} {[%emt 00:00:22]} Bb7 {[%clk 01:23:27]} {[%emt 00:00:26]} 10.
f3 {[%clk 01:21:16]} {[%emt 00:00:55]} Bg7 {[%clk 01:17:47]} {[%emt 00:06:10]}
11. c4 {[%clk 01:21:01]} {[%emt 00:00:45]} O-O {[%clk 01:18:05]} {[%emt
00:00:12]} 12. Nc3 {[%clk 01:20:08]} {[%emt 00:01:23]} e6 {[%clk 01:14:34]}
{[%emt 00:04:00]} 13. Bg5 {[%clk 01:17:18]} {[%emt 00:03:20]} Qc7 {[%clk
01:12:30]} {[%emt 00:02:35]} 14. Rc1 {[%clk 01:16:49]} {[%emt 00:00:59]} Rac8
{[%clk 01:09:46]} {[%emt 00:03:13]} 15. Kh1 {[%clk 01:12:38]} {[%emt 00:04:43]}
Qb8 {[%clk 01:01:12]} {[%emt 00:09:03]} 16. Qd2 {[%clk 01:07:38]} {[%emt
00:05:29]} Rfe8 {[%clk 00:55:21]} {[%emt 00:06:20]} 17. Rcd1 {[%clk 01:01:35]}
{[%emt 00:06:34]} Bf8 {[%clk 00:41:05]} {[%emt 00:14:47]} 18. Nc2 {[%clk
00:56:10]} {[%emt 00:05:54]} Be7 {[%clk 00:40:35]} {[%emt 00:00:59]} 19. Ne3
{[%clk 00:50:20]} {[%emt 00:06:21]} Rcd8 {[%clk 00:35:43]} {[%emt 00:05:21]}
20. Bh6 {[%clk 00:42:06]} {[%emt 00:08:45]} Ne5 {[%clk 00:31:45]} {[%emt
00:04:29]} 21. Qf2 {[%clk 00:26:52]} {[%emt 00:15:44]} Qc7 {[%clk 00:29:46]}
{[%emt 00:02:28]} 22. Rd2 {[%clk 00:25:35]} {[%emt 00:01:47]} Qc5 {[%clk
00:26:12]} {[%emt 00:04:05]} 23. h3 {[%clk 00:22:39]} {[%emt 00:03:25]} Nc6
{[%clk 00:22:42]} {[%emt 00:03:59]} 24. Red1 {[%clk 00:18:00]} {[%emt
00:05:10]} Nb4 {[%clk 00:21:21]} {[%emt 00:01:51]} 25. Bf4 {[%clk 00:16:08]}
{[%emt 00:02:22]} Rd7 {[%clk 00:19:26]} {[%emt 00:02:25]} 26. Nc2 {[%clk
00:13:06]} {[%emt 00:03:32]} Qxf2 {[%clk 00:13:14]} {[%emt 00:06:42]} 27. Rxf2
{[%clk 00:13:34]} {[%emt 00:00:02]} Nh5 {[%clk 00:09:22]} {[%emt 00:04:22]} 28.
Be3 {[%clk 00:08:22]} {[%emt 00:05:42]} Nxc2 {[%clk 00:09:27]} {[%emt
00:00:25]} 29. Rxc2 {[%clk 00:08:50]} {[%emt 00:00:02]} Rc8 {[%clk 00:08:31]}
{[%emt 00:01:26]} 30. Kg1 {[%clk 00:06:22]} {[%emt 00:02:58]} Rc6 {[%clk
00:05:36]} {[%emt 00:03:25]} 31. b4 {[%clk 00:04:19]} {[%emt 00:02:33]} Bd8
{[%clk 00:05:14]} {[%emt 00:00:51]} 32. g4 {[%clk 00:02:26]} {[%emt 00:02:24]}
Ng7 {[%clk 00:04:50]} {[%emt 00:00:53]} 33. c5 {[%clk 00:01:20]} {[%emt
00:01:38]} bxc5 {[%clk 00:03:24]} {[%emt 00:01:56]} 34. b5 {[%clk 00:01:41]}
{[%emt 00:00:08]} Rc8 {[%clk 00:03:30]} {[%emt 00:00:24]} 35. bxa6 {[%clk
00:01:59]} {[%emt 00:00:12]} Bc6 {[%clk 00:03:56]} {[%emt 00:00:04]} 36. Nb5
{[%clk 00:01:32]} {[%emt 00:00:58]} Be7 {[%clk 00:03:48]} {[%emt 00:00:37]} 37.
Rcd2 {[%clk 00:01:18]} {[%emt 00:00:44]} d5 {[%clk 00:04:06]} {[%emt 00:00:13]}
38. Rc2 {[%clk 00:01:07]} {[%emt 00:00:41]} d4 {[%clk 00:03:16]} {[%emt
00:01:19]} 39. Bf4 {[%clk 00:01:05]} {[%emt 00:00:31]} Ra8 {[%clk 00:02:38]}
{[%emt 00:01:09]} 40. a7 {[%clk 00:00:56]} {[%emt 00:00:39]} Bxb5 {[%clk
00:02:06]} {[%emt 00:01:02]} 41. Bxb5 {[%clk 00:16:43]} {[%emt 00:14:43]} Rdxa7
{[%clk 00:32:19]} {[%emt 00:00:16]} 42. g5 {[%clk 00:15:54]} {[%emt 00:01:20]}
Nh5 {[%clk 00:24:28]} {[%emt 00:08:20]} 43. Be5 {[%clk 00:13:07]} {[%emt
00:03:17]} Rd8 {[%clk 00:22:02]} {[%emt 00:02:55]} 44. Kg2 {[%emt 00:08:55]}
Rf8 {[%clk 00:13:32]} {[%emt 00:01:17]} 45. Ra1 {[%clk 00:09:31]} {[%emt
00:03:26]} Rfa8 {[%clk 00:08:58]} {[%emt 00:05:04]} 1/2-1/2

[Event "DEM U14 2024"]
[Site "Willingen GER"]
[Date "2024.05.22"]
[Round "5"]
[White "Nechitaylo, Nikita"]
[Black "Korchynskyi, Mykola"]
[Result "0-1"]
[Termination "normal"]
[Board "2"]
[WhiteTitle "CM"]
[BlackTitle "FM"]
[WhiteElo "2212"]
[BlackElo "2313"]
[WhiteClock "00:01:01"]
[BlackClock "00:07:38"]
[PlyCount "74"]
[WhiteFideId "34138161"]
[BlackFideId "34138005"]
[EventCountry "GER"]
[EventRounds "9"]
[EventType "swiss"]
[EventDate "2024.05.18"]

1. e4 {[%clk 01:30:58]} c5 {[%clk 01:30:53]} {[%emt 00:00:08]} 2. Nf3 {[%clk
01:31:25]} {[%emt 00:00:03]} e6 {[%clk 01:31:18]} {[%emt 00:00:06]} 3. g3
{[%clk 01:31:53]} {[%emt 00:00:02]} Nc6 {[%clk 01:31:06]} {[%emt 00:00:42]} 4.
Bg2 {[%clk 01:32:19]} {[%emt 00:00:03]} d5 {[%clk 01:30:47]} {[%emt 00:00:48]}
5. exd5 {[%clk 01:32:46]} {[%emt 00:00:04]} exd5 {[%clk 01:31:12]} {[%emt
00:00:06]} 6. d4 {[%clk 01:33:14]} {[%emt 00:00:02]} Nf6 {[%clk 01:31:02]}
{[%emt 00:00:39]} 7. O-O {[%clk 01:29:02]} {[%emt 00:04:42]} Be7 {[%clk
01:28:14]} {[%emt 00:03:19]} 8. dxc5 {[%clk 01:29:20]} {[%emt 00:00:12]} Bxc5
{[%clk 01:28:39]} {[%emt 00:00:05]} 9. Nc3 {[%clk 01:27:11]} {[%emt 00:02:38]}
O-O {[%clk 01:23:30]} {[%emt 00:05:38]} 10. a3 {[%clk 01:25:45]} {[%emt
00:01:58]} a5 {[%clk 01:09:43]} {[%emt 00:14:17]} 11. Qd3 {[%clk 01:18:16]}
{[%emt 00:07:59]} Be6 {[%clk 00:58:03]} {[%emt 00:12:10]} 12. Bg5 {[%clk
01:07:03]} {[%emt 00:11:42]} d4 {[%clk 00:54:35]} {[%emt 00:03:58]} 13. Bxf6
{[%clk 01:05:30]} {[%emt 00:02:03]} Qxf6 {[%clk 00:52:35]} {[%emt 00:02:30]}
14. Ne4 {[%clk 01:05:53]} {[%emt 00:00:06]} Qe7 {[%clk 00:53:00]} {[%emt
00:00:05]} 15. Neg5 {[%clk 01:00:12]} {[%emt 00:06:11]} g6 {[%clk 00:51:00]}
{[%emt 00:02:30]} 16. Rfe1 {[%clk 00:56:30]} {[%emt 00:04:12]} Qd6 {[%clk
00:39:31]} {[%emt 00:12:00]} 17. Qe4 {[%clk 00:47:47]} {[%emt 00:09:13]} Bf5
{[%clk 00:36:54]} {[%emt 00:03:07]} 18. Qh4 {[%clk 00:48:14]} {[%emt 00:00:03]}
h5 {[%clk 00:37:15]} {[%emt 00:00:08]} 19. g4 {[%clk 00:48:04]} {[%emt
00:00:41]} Bxc2 {[%clk 00:32:02]} {[%emt 00:05:43]} 20. Rac1 {[%clk 00:38:19]}
{[%emt 00:10:15]} d3 {[%clk 00:29:58]} {[%emt 00:02:34]} 21. gxh5 {[%clk
00:22:51]} {[%emt 00:15:58]} d2 {[%clk 00:29:37]} {[%emt 00:00:50]} 22. Nxd2
{[%clk 00:23:20]} {[%emt 00:00:02]} Qxd2 {[%clk 00:29:45]} {[%emt 00:00:22]}
23. hxg6 {[%clk 00:21:21]} {[%emt 00:02:28]} Bxg6 {[%clk 00:28:44]} {[%emt
00:01:31]} 24. Ne4 {[%clk 00:21:25]} {[%emt 00:00:26]} Be7 {[%clk 00:28:35]}
{[%emt 00:00:40]} 25. Qg3 {[%clk 00:08:52]} {[%emt 00:13:02]} Qh6 {[%clk
00:26:50]} {[%emt 00:02:15]} 26. f4 {[%clk 00:06:39]} {[%emt 00:02:43]} Nd4
{[%clk 00:24:13]} {[%emt 00:03:07]} 27. Qc3 {[%clk 00:00:48]} {[%emt 00:06:22]}
Rfd8 {[%clk 00:22:30]} {[%emt 00:02:13]} 28. Qc7 {[%clk 00:00:35]} {[%emt
00:00:43]} Bh4 {[%clk 00:22:23]} {[%emt 00:00:36]} 29. Ng3 {[%clk 00:00:31]}
{[%emt 00:00:35]} Nf5 {[%clk 00:18:29]} {[%emt 00:04:22]} 30. Nxf5 {[%clk
00:00:35]} {[%emt 00:00:27]} Bxf5 {[%clk 00:18:54]} {[%emt 00:00:05]} 31. Red1
{[%clk 00:00:33]} {[%emt 00:00:33]} Rxd1+ {[%clk 00:11:10]} {[%emt 00:08:14]}
32. Rxd1 {[%clk 00:00:58]} {[%emt 00:00:04]} Rc8 {[%clk 00:11:00]} {[%emt
00:00:40]} 33. Qe5 {[%clk 00:00:39]} {[%emt 00:00:49]} Qg6 {[%clk 00:09:35]}
{[%emt 00:01:56]} 34. Kh1 {[%clk 00:00:56]} {[%emt 00:00:12]} Rc2 {[%clk
00:06:33]} {[%emt 00:03:32]} 35. Rg1 {[%clk 00:01:17]} {[%emt 00:00:08]} Bf2
{[%clk 00:06:46]} {[%emt 00:00:17]} 36. Rd1 {[%clk 00:00:40]} {[%emt 00:01:08]}
Qxg2+ {[%clk 00:07:11]} {[%emt 00:00:05]} 37. Kxg2 {[%clk 00:01:01]} {[%emt
00:00:08]} Bd4+ {[%clk 00:07:38]} {[%emt 00:00:04]} 0-1

[Event "DEM U14 2024"]
[Site "Willingen GER"]
[Date "2024.05.22"]
[Round "5"]
[White "Mohylnyi, Stepan"]
[Black "Geist, Tim"]
[Result "0-1"]
[Termination "normal"]
[Board "3"]
[WhiteElo "2140"]
[BlackElo "2007"]
[WhiteClock "00:06:15"]
[BlackClock "01:09:05"]
[PlyCount "76"]
[WhiteFideId "34127836"]
[BlackFideId "34604324"]
[EventCountry "GER"]
[EventRounds "9"]
[EventType "swiss"]
[EventDate "2024.05.18"]

1. e4 {[%clk 01:30:49]} {[%emt 00:00:10]} c5 {[%clk 01:30:51]} {[%emt
00:00:10]} 2. Nf3 {[%clk 01:31:13]} {[%emt 00:00:05]} d6 {[%clk 01:31:17]}
{[%emt 00:00:04]} 3. Bb5+ {[%clk 01:31:38]} {[%emt 00:00:06]} Nd7 {[%clk
01:31:44]} {[%emt 00:00:03]} 4. d4 {[%clk 01:32:03]} {[%emt 00:00:05]} cxd4
{[%clk 01:32:11]} {[%emt 00:00:03]} 5. Qxd4 {[%clk 01:32:29]} {[%emt 00:00:05]}
a6 {[%clk 01:32:35]} {[%emt 00:00:06]} 6. Be2 {[%clk 01:32:42]} {[%emt
00:00:16]} Ngf6 {[%clk 01:32:58]} {[%emt 00:00:07]} 7. c4 {[%clk 01:33:08]}
{[%emt 00:00:05]} e5 {[%clk 01:33:17]} {[%emt 00:00:11]} 8. Qe3 {[%clk
01:33:32]} {[%emt 00:00:05]} d5 {[%clk 01:33:25]} {[%emt 00:00:22]} 9. exd5
{[%clk 01:20:45]} {[%emt 00:13:16]} Bc5 {[%clk 01:33:16]} {[%emt 00:00:40]} 10.
Qb3 {[%clk 01:19:10]} {[%emt 00:02:06]} e4 {[%clk 01:24:48]} {[%emt 00:08:57]}
11. Nfd2 {[%clk 01:16:35]} {[%emt 00:03:04]} Ne5 {[%clk 01:22:03]} {[%emt
00:03:15]} 12. h3 {[%clk 01:07:07]} {[%emt 00:10:00]} Qe7 {[%clk 01:17:05]}
{[%emt 00:05:26]} 13. Nf1 {[%clk 00:54:12]} {[%emt 00:13:25]} Bf5 {[%clk
01:13:39]} {[%emt 00:03:57]} 14. Ne3 {[%clk 00:42:09]} {[%emt 00:12:33]} Bg6
{[%clk 01:14:03]} {[%emt 00:00:06]} 15. Nc3 {[%clk 00:41:28]} {[%emt 00:01:10]}
O-O {[%clk 01:13:38]} {[%emt 00:00:55]} 16. Bd2 {[%clk 00:39:26]} {[%emt
00:02:32]} Nfd7 {[%clk 01:13:13]} {[%emt 00:00:55]} 17. g3 {[%clk 00:22:25]}
{[%emt 00:17:31]} Bd6 {[%clk 01:11:31]} {[%emt 00:02:13]} 18. Qd1 {[%clk
00:18:32]} {[%emt 00:04:23]} f5 {[%clk 01:10:43]} {[%emt 00:01:18]} 19. Ng2
{[%clk 00:18:42]} {[%emt 00:00:20]} Nf3+ {[%clk 01:09:08]} {[%emt 00:02:04]}
20. Bxf3 {[%clk 00:18:57]} {[%emt 00:00:16]} exf3+ {[%clk 01:09:33]} {[%emt
00:00:04]} 21. Ne3 {[%clk 00:19:25]} {[%emt 00:00:02]} f4 {[%clk 01:09:39]}
{[%emt 00:00:24]} 22. gxf4 {[%clk 00:18:55]} {[%emt 00:01:01]} Rxf4 {[%clk
01:09:13]} {[%emt 00:00:55]} 23. Na4 {[%clk 00:07:19]} {[%emt 00:12:06]} Rxc4
{[%clk 01:07:59]} {[%emt 00:01:45]} 24. b3 {[%clk 00:06:48]} {[%emt 00:01:01]}
Rd4 {[%clk 01:07:24]} {[%emt 00:01:04]} 25. Qc1 {[%clk 00:07:01]} {[%emt
00:00:18]} Ne5 {[%clk 01:07:34]} {[%emt 00:00:20]} 26. Qc3 {[%clk 00:06:53]}
{[%emt 00:00:37]} Rxd2 {[%clk 01:07:51]} {[%emt 00:00:13]} 27. Qxd2 {[%clk
00:07:13]} {[%emt 00:00:11]} Bb4 {[%clk 01:07:54]} {[%emt 00:00:27]} 28. Nc3
{[%clk 00:07:33]} {[%emt 00:00:10]} Rc8 {[%clk 01:06:56]} {[%emt 00:01:27]} 29.
d6 {[%clk 00:07:55]} {[%emt 00:00:08]} Nd3+ {[%clk 01:06:41]} {[%emt 00:00:45]}
30. Qxd3 {[%clk 00:06:51]} {[%emt 00:01:34]} Bxd3 {[%clk 01:06:24]} {[%emt
00:00:47]} 31. dxe7 {[%clk 00:07:14]} {[%emt 00:00:07]} Bxc3+ {[%clk 01:06:51]}
{[%emt 00:00:04]} 32. Kd1 {[%clk 00:07:39]} {[%emt 00:00:05]} Be2+ {[%clk
01:07:17]} {[%emt 00:00:04]} 33. Kc2 {[%clk 00:07:27]} {[%emt 00:00:42]} Bxa1+
{[%clk 01:07:42]} {[%emt 00:00:04]} 34. Kd2 {[%clk 00:07:55]} {[%emt 00:00:02]}
Bc3+ {[%clk 01:08:01]} {[%emt 00:00:11]} 35. Kc2 {[%clk 00:07:18]} {[%emt
00:01:07]} Bb4+ {[%clk 01:08:26]} {[%emt 00:00:06]} 36. Kb2 {[%clk 00:07:28]}
{[%emt 00:00:20]} Bxe7 {[%clk 01:08:50]} {[%emt 00:00:06]} 37. Nd5 {[%clk
00:06:07]} {[%emt 00:01:50]} Bc5 {[%clk 01:08:50]} {[%emt 00:00:30]} 38. a4
{[%clk 00:06:15]} {[%emt 00:00:22]} Rd8 {[%clk 01:09:05]} {[%emt 00:00:15]} 0-1